00408nam a2200121Ia 4500008004000000020001800040082001600058100002900074245003200103260005100135300001400186650008600200210210b1999 xxu||||| |||| 00| 0 eng d a81 7648 115 7 a362.83 CHAA aCHAKRABORTY (Dipangshu). aAtrocities on Indian women. aNew DelhibA P H Publishing Corporationc1999 axviii,197 aAtrocities Women Woman Crimes Victimisation Rape Bride Burning Prostitution Dowry